| 000 | 00612nam a22001937a 4500 | ||
|---|---|---|---|
| 999 |
_c181726 _d181726 |
||
| 005 | 20211005113835.0 | ||
| 010 | _aENG-129993 | ||
| 020 |
_c350.00 _a978-93-85606-31-1 |
||
| 035 | _aEN-113525 | ||
| 037 | _bDBAD/PUB | ||
| 082 | _a305.6945 | ||
| 100 | _aSonalkar, Wandana | ||
| 245 |
_aWhy I am Not a Hindu Woman: _bA Personal Story/ _cWandana Sonalkar |
||
| 250 | _a2021 | ||
| 260 |
_bWomen Unlimited _aNew Delhi |
||
| 270 |
_a7/10, First Floor, Sarvapriya Vihar _bNew Delhi _e110016 |
||
| 300 |
_a169 p _c22 cm (pbk) _bReferences |
||
| 942 |
_2ddc _cEN _h305.6945 _mSON |
||